Centauran Guns Quiz - Statistics

General Stats
  • This quiz has been taken 74 times
  • The average score is 10 of 17
Answer Stats
Picture Answer % Correct
T05/T05 rifle/T05
76%
M12/M12 Anti-tank rifle
69%
M12/M12 smg
69%
T09/T09 smg
69%
Double Barrel shotgun/DB shotgun
66%
E-Viii/E-8/E-VIII rifle/E-8 rifle
66%
E-XV/E-XV automatic
66%
M1889 LA/M1889 LA rifle
66%
Shaker/Shaker Shotgun
66%
M88/M88 shotgun
62%
M99/M99 rifle
62%
M1890/M1890 revolver
59%
M1909/M1909 smg
55%
Malleus/Malleus Revolver
55%
M4/M4 revolver
52%
Sub E-XCV/Sub E-XCV revolver/Sub E-95/Sub E-95 revolver
48%
E-I/E-I anti-tank rifle/E-1/E-1 anti-tank rifle
38%
No matching quizzes found
Score Distribution
Percent of People with Each Score
Percentile by Number Answered
Your Score History
You have not taken this quiz